01481nam a2200349 i 45000010005000000030009000050050017000140080041000310400036000720410008001080460009001160800013001250800009001382450343001472460068004902460133005582600026006913800016007173800023007333880014007563880014007706500013007846500018007976500030008156500016008456500030008616550029008916580028009207000041009487000044009898560098010334720KOSZ 00520201126125403.0971010s1987 pl f |100 0 pol d cKOSZ 005aKOSZ 005dKOSZ 005/HR apol k1987 a628.1/.8 a(06)00aII Ogólnopolska Konferencja Naukowa na temat Kompleksowe i szczegółowe problemy inżynierii środowiska :bzbiór referatów.nZ.7-monotematyczny,pBadania i opracowanie technologii oczyszczania ścieków pofarbiarskich i komunalnych Spółdzielni CEPELIA-KORONKA w Bobowej /caut. Anna Anielak ; [red. nauk. Tadeusz Piecuch].30aKompleksowe i szczegółowe problemy inżynierii środowiska30aBadania i opracowanie technologii oczyszczania ścieków pofarbiarskich i komunalnych Spółdzielni CEPELIA-KORONKA w Bobowej aCzęstochowa,c1987. aKsiążki aPublikacje naukowe a1901-2000 a1945-1989 4aBarwniki 4aBiodegradacja 4aOczyszczalnia ścieków 4aTechnologia 4aInżynieria środowiska 4aMateriały konferencyjne aInżynieria i technika1 aAnielak, Anna Mariad(1952- )eAutor1 aPiecuch, Tadeuszd(1946-2018)eRedakcja uhttp://koha.tu.koszalin.pl/cgi-bin/koha/opac-detail.pl?biblionumber=47200yKatalog online BPK